000 00979nam0a22002531 4500
001 rc\440430
005 20030616171154.0
035 _a(NLR Aleph) 005686664
090 _a7131560
_c7131560
100 _a20030616d1987 u |0rusy50 ca
101 0 _arus
102 _aRU
105 _aa |||||||||
200 1 _aСборник задач по газодинамике звуковых импульсов, римановых и других простых волн
_eУчеб. пособие
_fМ-во высш. и сред. спец. образования СССР, Моск. инж.-физ. ин-т. [Фак. техн. физики]
210 _aМ.
_cМИФИ
_d1987
215 _a68 с.
_cил.
_d20
320 _aБиблиогр.: с. 67
700 1 _aЛюбимов
_bА. В.
_gАлександр Васильевич
701 1 _aЛобойко
_bБ. Г.
801 0 _aRU
_bNLR
_gpsbo
801 1 _aRU
_bELAR
_2rusmarc
852 _aNLR
_j88-4/10755
942 _cBOOK
980 _aNB